| LEADER |
01135nam0a2200241 450 |
| 001 |
16812495 |
| 010 |
|
|
|a 978-2-505-00199-7
|b Poche
|d 6,25
|
| 100 |
|
|
|a 20080103d2007 u u0frey01 ba
|
| 101 |
1 |
|
|a fre
|c jpn
|
| 102 |
|
|
|a BE
|
| 200 |
0 |
|
|a Death note
|f Takeshi Obata & Tsugumi Ohba
|g dessin, Takeshi Obata - [traduit et adapté en français par Myloo Anhmet]
|
| 207 |
|
1 |
|a
|
| 210 |
|
|
|a Bruxelles
|c Kana
|d 2007
|
| 215 |
|
|
|a 224 p.
|c illustrations en noir et blanc
|d 18 x 12 cm
|
| 225 |
1 |
|
|a Dark Kana
|
| 330 |
|
|
|a La police est parvenue à encercler Higuchi, l'actuel possesseur du Death note. Light parviendra-t-il à remettre la main sur le cahier ? Va-t-il réussir à mener à bien le plan qu'il avait mis au point avant d'être placé sous surveillance ? Voici un septième tome riche en révélations. Manga.
|
| 461 |
|
0 |
|t Death note
|v 7
|
| 700 |
|
0 |
|a Ohba
|b Tsugumi
|4 70
|
| 701 |
|
0 |
|a Obata
|b Takeshi
|c Illustrateur
|f 1969-....
|4 70
|
| 702 |
|
0 |
|a Anhmet
|b Myloo
|4 730
|
| 900 |
|
|
|a Bande Dessinée enfant ado
|
| 901 |
|
|
|a Accessible au prêt
|
| 995 |
|
|
|a Bibliothèque
|c Bibliothèque
|f 024021680
|h 024021680
|k BD OHB
|o p
|q j
|r az
|e Bibliothèque
|